| 000 | 01221nam a22003017a 4500 | ||
|---|---|---|---|
| 003 | OSt | ||
| 005 | 20230308031634.0 | ||
| 008 | 160404b xxu||||| |||| 00| 0 eng d | ||
| 010 | _a 2004057935 | ||
| 020 | _a007143786X | ||
| 040 |
_aMMU _cMMU _dMMU _beng |
||
| 042 | _apcc | ||
| 050 | 0 | 0 |
_aTK7874.66 _b.Y464 2005 |
| 082 | 0 | 0 |
_a621.39/5 _222 |
| 100 | 1 |
_aYeo, Kiat Seng, _d1964- |
|
| 245 | 1 | 0 |
_aLow voltage, low power VLSI subsystems / _cKiat-Seng Yeo, Kaushik Roy. |
| 260 |
_aNew York : _bMcGraw-Hill, _cc2005. |
||
| 300 |
_axxi, 293 p. : _bill. ; _c23 cm. |
||
| 504 | _aIncludes bibliographical references and index. | ||
| 650 | 0 | _aLow voltage integrated circuits. | |
| 700 | 1 |
_aRoy, Kaushik, _d1961- |
|
| 856 | 4 | 2 |
_3Contributor biographical information _uhttp://www.loc.gov/catdir/bios/mh051/2004057935.html |
| 856 | 4 | 1 |
_3Table of contents _uhttp://www.loc.gov/catdir/toc/mh051/2004057935.html |
| 856 | 4 | 2 |
_3Publisher description _uhttp://www.loc.gov/catdir/enhancements/fy0704/2004057935-d.html |
| 906 |
_a7 _bcbc _corignew _d1 _eocip _f20 _gy-gencatlg |
||
| 942 |
_2lcc _cLOAN LOAN |
||
| 999 |
_c16880 _d16880 |
||